India's environmental history : (Record no. 153994)

MARC details
000 -LEADER
fixed length control field 00687nam a22002057a 4500
005 - DATE AND TIME OF LATEST TRANSACTION
control field 20180713142908.0
010 ## - LCCN (DPL NO)
LC control number ENG-123465
020 ## - INTERNATIONAL STANDARD BOOK NUMBER
International Standard Book Number 8178243687
Terms of availability 1795.00
035 ## - SYSTEM CONTROL NUMBER
System control number EN-106997
037 ## - SOURCE OF ACQUISITION
Source of stock number/acquisition DBAD/PUB
082 ## - DEWEY DECIMAL CLASSIFICATION NUMBER
Classification number 304.20954
245 ## - TITLE STATEMENT
Title India's environmental history :
Statement of responsibility, etc ed. by Mahesh Rangarajan [and] K Sivaramakrishnan
Remainder of title from ancient times to the colonial period /
250 ## - EDITION STATEMENT
Edition statement 3rd
260 ## - PUBLICATION, DISTRIBUTION, ETC. (IMPRINT)
Place of publication, distribution, etc Ranikhet
Name of publisher, distributor, etc Permanent Black
Date of publication, distribution, etc 2017
270 ## - ADDRESS
Address Himalayana, Mall Road, Ranikhet Cantt.
City Ranikhet
Postal code 263645
300 v# - PHYSICAL DESCRIPTION
Extent vi,431p.
Dimensions 21cm(pbk)
700 ## - ADDED ENTRY--PERSONAL NAME
Personal name Rangarajan, Mahesh
700 ## - ADDED ENTRY--PERSONAL NAME
Personal name Sivaramakrishnan, K
942 ## - ADDED ENTRY ELEMENTS (KOHA)
Source of classification or shelving scheme Dewey Decimal Classification
Item type English Books
Call number suffix IND
Classification part 304.20954
Holdings
Withdrawn status Lost status Not for loan Collection code Home library Current library Date acquired Source of acquisition Cost, normal purchase price Full call number Barcode Copy number Cost, replacement price Koha item type
    Not For Loan Non-fiction D.B.Act.Division Central Library 13/07/2018 DBAD/PUB 1795.00 304.20954 IND EN-106997 1 1795.00 English Books

© Delhi Public Library
Hit Counter
free hit counter